000 00644nam a2200241Ia 4500
003 OSt
005 20250816095528.0
008 210210b2013 xxu||||| |||| 00| 0 eng d
020 _a9788184841961
040 _cAL
041 _aeng
082 _a327 KUMC
100 _aChanchal Kumar
_9235844
245 _aContemporary issues in global politics
_b: an Asian perspective
260 _aNew Delhi
_bRegal Publications
_c2013
300 _aix,268p
650 _apolitics:
_9235845
650 _aContemporary
_9235846
690 _aInternational Relations
_9235847
700 _aGupta Sanju
_9235848
906 _a067865
942 _2ddc
_cBK
999 _c152175
_d152175